| 000 | 00549nam a22001577a 4500 | ||
|---|---|---|---|
| 041 | _aeng | ||
| 080 | _a81.1 | ||
| 090 | _bZHU | ||
| 100 | _aZhukovsky, Vasyl. | ||
| 245 | _aEnglish Grammar: Morphology and Syntax | ||
| 260 |
_aOstroh _bPublishing Centre of Ostroh Academy _c2000 |
||
| 300 | _a134 | ||
| 520 |
_aThe book is an attempt to organize and generalize the grammar rules on the English verb and to supply the students with the basic grammar book on the subject. _0Grammar, Verbs, English, ESL |
||
| 650 | _aEnglish Grammar | ||
| 999 |
_c280434 _d280434 |
||
| 942 | _cBK | ||